000 00413nam a2200157Ia 4500
008 210210b1979 xxu||||| |||| 00| 0 eng d
082 _a350 BHAP
100 _aBHAGWAN (Vishnoo) and BHUSHAN (Vidya).
245 _aPublic administration. Ed.4
250 _a
260 _aND
_bS. Chand & Co. Ltd.
_c1979
300 _a662
650 _aPublic administration
690 _aPublic Administration
906 _a034198
999 _c85117
_d85117